Memoria und Bekenntnis : die Grabdenkmäler evangelischer Landesherren im Heiligen Römischen Reich Deutscher Nation im Zeitalter der Konfessionalisierung

Saved in:
Bibliographic Details
Main Author: Meys, Oliver (Author)
Document Type: Thesis Book
Language:German
Published: Regensburg : Schnell + Steiner , 2009
Edition:1. Aufl.
Subjects:
Online Access:Inhaltsverzeichnis
Rezension
Rezension
Rezension
Inhaltstext
Rezension
Related Items:Rezension: Schriften von Kilian Heck ; 22: [Rezension von: Meys, Oliver: Memoria und Bekenntnis]
Rezensiert in: [Rezension von: Oliver Meys, Memoria und Bekenntnis. Die Grabdenkmäler evangelischer Landesherren im Heiligen Römischen Reich Deutscher Nation im Zeitalter der Konfessionalisierung]
Rezensiert in: [Rezension von: Oliver Meys, Memoria und Bekenntnis. Die Grabdenkmäler evangelischer Landesherren im Heiligen Römischen Reich Deutscher Nation im Zeitalter der Konfessionalisierung]
Rezensiert in: [Rezension]
Rezensiert in: [Rezension]
Rezensiert in: [Rezension]
Author Notes:Oliver Meys
LEADER 08677cam a2201345 c 4500
001 588855936
003 DE-627
005 20260615232028.0
007 tu
008 090107s2009 gw ||||| m 00| ||ger c
015 |a 09,N06,1170  |2 dnb 
015 |a 09,N06,1170  |2 dnb 
016 7 |a 992159024  |2 DE-101 
020 |a 9783795421731  |q gb. : Eur 149,00 (D), sFr 237,00 (freier Pr.)  |9 978-3-7954-2173-1 
024 3 |a 9783795421731 
035 |a (DE-627)588855936 
035 |a (DE-603)210238844 
035 |a (DE-576)302505075 
035 |a (DE-599)GBV588855936 
035 |a (OCoLC)723893385 
035 |a (OCoLC)603381976 
035 |a (OCoLC)310157459 
040 |a DE-627  |b ger  |c DE-627  |e rakwb 
041 |a ger 
044 |c XA-DE-BY 
050 0 |a NB1880.H6 
082 0 |a 700  |q OCLC 
082 0 4 |a 730  |a 230 
084 |a 9,10  |2 ssgn 
084 |a LK 79694  |q OBV  |2 rvk  |0 (DE-625)rvk/98292:158 
084 |a LK 79693  |q OBV  |2 rvk  |0 (DE-625)rvk/98292:157 
084 |a LK 81250  |2 rvk  |0 (DE-625)rvk/98388: 
084 |a LK 79570  |2 rvk  |0 (DE-625)rvk/98282:154 
084 |a LK 79690  |2 rvk  |0 (DE-625)rvk/98292:154 
084 |a NR 1850  |2 rvk  |0 (DE-625)rvk/129181: 
084 |a 21.59  |2 bkl 
084 |a 15.40  |2 bkl 
100 1 |a Meys, Oliver  |d 1971-  |0 (DE-588)13754801X  |0 (DE-627)593652266  |0 (DE-576)302505067  |4 aut 
245 1 0 |a Memoria und Bekenntnis  |b die Grabdenkmäler evangelischer Landesherren im Heiligen Römischen Reich Deutscher Nation im Zeitalter der Konfessionalisierung  |c Oliver Meys 
250 |a 1. Aufl. 
264 1 |a Regensburg  |b Schnell + Steiner  |c 2009 
300 |a 888 S.  |b Ill., graph. Darst.  |c 29 cm 
336 |a Text  |b txt  |2 rdacontent 
337 |a ohne Hilfsmittel zu benutzen  |b n  |2 rdamedia 
338 |a Band  |b nc  |2 rdacarrier 
500 |a Leicht überarbeitete Fassung der Dissertation 
500 |a Anmerkungen der Hessischen Bibliographie: S. 321-829 Katalog der Grabmäler - hier auch hessische Orte mit ihren Kirchen u. Grabdenkmälern 
502 |a Zugl.: München, Univ., Diss., 2005/2006 
583 1 |a Archivierung/Langzeitarchivierung gewährleistet  |f SSG  |x XA-DE-BW  |2 pdager  |5 DE-16 
583 1 |a Archivierung/Langzeitarchivierung gewährleistet  |f REG  |x XA-DE-NI  |z Niedersachsen  |2 pdager  |5 DE-35 
648 7 |a Geschichte 1520-1620  |2 gnd 
650 0 7 |0 (DE-588)4021732-2  |0 (DE-627)104467118  |0 (DE-576)20893961X  |a Grabmal  |2 gnd 
650 0 7 |0 (DE-588)4006632-0  |0 (DE-627)10637687X  |0 (DE-576)208866361  |a Bildprogramm  |2 gnd 
650 0 7 |0 (DE-588)4166552-1  |0 (DE-627)104608838  |0 (DE-576)209902736  |a Landesherr  |2 gnd 
650 0 7 |0 (DE-588)4130730-6  |0 (DE-627)105700304  |0 (DE-576)209621451  |a Protestant  |2 gnd 
650 0 7 |0 (DE-588)4274860-4  |0 (DE-627)104453532  |0 (DE-576)210710217  |a Gruft  |2 gnd 
650 0 7 |0 (DE-588)4136343-7  |0 (DE-627)104359366  |0 (DE-576)209668393  |a Konfessionalisierung  |2 gnd 
650 4 |a Nobility  |x Holy Roman Empire  |x Religious life and customs 
650 4 |a Protestantism in art 
650 4 |a Sepulchral monuments  |x Holy Roman Empire  |x History  |x 16th century  |x Catalogs 
650 4 |a Sepulchral monuments  |x Holy Roman Empire  |x History  |x 17th century  |x Catalogs 
650 4 |a Deutschland  |x Grabmal  |x Bildhauerei  |x Denkmal  |x Ikonographie 
650 4 |a Bildprogramm  |x Reformationszeit 
651 7 |0 (DE-588)4011882-4  |0 (DE-627)104704861  |0 (DE-576)208896155  |a Deutschland  |2 gnd 
655 7 |a Hochschulschrift  |0 (DE-588)4113937-9  |0 (DE-627)105825778  |0 (DE-576)209480580  |2 gnd-content 
689 0 0 |d g  |0 (DE-588)4011882-4  |0 (DE-627)104704861  |0 (DE-576)208896155  |a Deutschland  |2 gnd 
689 0 1 |d s  |0 (DE-588)4021732-2  |0 (DE-627)104467118  |0 (DE-576)20893961X  |a Grabmal  |2 gnd 
689 0 2 |d s  |0 (DE-588)4006632-0  |0 (DE-627)10637687X  |0 (DE-576)208866361  |a Bildprogramm  |2 gnd 
689 0 3 |d s  |0 (DE-588)4166552-1  |0 (DE-627)104608838  |0 (DE-576)209902736  |a Landesherr  |2 gnd 
689 0 4 |d s  |0 (DE-588)4130730-6  |0 (DE-627)105700304  |0 (DE-576)209621451  |a Protestant  |2 gnd 
689 0 5 |a z  |2 gnd  |a Geschichte 1520-1620 
689 0 |5 DE-101 
689 1 0 |d s  |0 (DE-588)4240774-6  |0 (DE-627)104861819  |0 (DE-576)210432470  |a Memoria  |2 gnd 
689 1 1 |a z  |2 gnd  |a Geschichte 1550-1650 
689 1 |5 (DE-627) 
751 |a München  |0 (DE-588)4127793-4  |0 (DE-627)105722073  |0 (DE-576)209596570  |4 uvp 
787 0 8 |i Rezension  |a Heck, Kilian, 1968 -   |t Schriften von Kilian Heck ; 22: [Rezension von: Meys, Oliver: Memoria und Bekenntnis]  |d Heidelberg : Universitätsbibliothek Heidelberg, 2018  |h 1 Online-Ressource (5 Seiten)  |w (DE-627)1576214125  |w (DE-576)506214125 
787 0 8 |i Rezensiert in  |a Heck, Kilian, 1968 -   |t [Rezension von: Oliver Meys, Memoria und Bekenntnis. Die Grabdenkmäler evangelischer Landesherren im Heiligen Römischen Reich Deutscher Nation im Zeitalter der Konfessionalisierung]  |d 2010  |w (DE-627)1854047760 
787 0 8 |i Rezensiert in  |a Beuing, Raphael, 1974 -   |t [Rezension von: Oliver Meys, Memoria und Bekenntnis. Die Grabdenkmäler evangelischer Landesherren im Heiligen Römischen Reich Deutscher Nation im Zeitalter der Konfessionalisierung]  |d 2009  |w (DE-627)1912249553 
787 0 8 |i Rezensiert in  |t [Rezension]  |d 2010  |w (DE-627)1752554612 
787 0 8 |i Rezensiert in  |t [Rezension]  |d 2010  |w (DE-627)1752558472 
787 0 8 |i Rezensiert in  |t [Rezension]  |d 2009  |w (DE-627)1752566734 
787 0 8 |i Rezensiert in  |w (DE-603)395013194 
787 0 8 |i Rezensiert in  |w (DE-603)395056969 
787 0 8 |i Rezensiert in  |w (DE-603)395068444 
787 0 8 |i Rezensiert in  |w (DE-603)395079799 
856 4 2 |u http://www.gbv.de/dms/weimar/toc/588855936_toc.pdf  |m V:DE-601  |m B:DE-Wim2  |x Verlag  |y Inhaltsverzeichnis  |3 Inhaltsverzeichnis  |7 1 
856 4 2 |u https://swbplus.bsz-bw.de/bsz302505075rez-1.htm  |m B:DE-576;DE-16  |q application/pdf  |v 20101129104203  |x Verlag  |3 Rezension  |7 1 
856 4 2 |u http://www.sehepunkte.de/2009/10/15903.html  |m V:DE-576;X:Sehepunkte  |q text/html  |v 20180413093835  |3 Rezension  |7 1 
856 4 2 |u https://swbplus.bsz-bw.de/bsz302505075rez.htm  |m B:DE-576;DE-16  |q application/pdf  |v 20091215000000  |x Verlag  |3 Rezension  |7 1 
856 4 2 |u http://deposit.dnb.de/cgi-bin/dokserv?id=3229297&prov=M&dok_var=1&dok_ext=htm  |m X: MVB  |q text/html  |v 20130501  |x Verlag  |3 Inhaltstext  |7 1 
856 4 2 |u http://scans.hebis.de/HEBCGI/show.pl?21023884_rez.pdf  |m V:DE-576;B:DE-16  |q application/pdf  |3 Rezension  |7 1 
935 |i Blocktest 
936 r v |a LK 79694  |b 19. und 20. Jahrhundert  |k Kunstgeschichte  |k Kunst nach Ländern bzw. Kontinenten  |k Deutschland  |k Deutsche Kunstgeschichte nach Gattungen  |k Architektur  |k Ordnung nach Aufgaben  |k Grabbauten, Friedhöfe; Ehrenmale, Gedenkstätten  |k 19. und 20. Jahrhundert  |0 (DE-627)1272255565  |0 (DE-625)rvk/98292:158  |0 (DE-576)202255565 
936 r v |a LK 79693  |b Neuzeit (-1800)  |k Kunstgeschichte  |k Kunst nach Ländern bzw. Kontinenten  |k Deutschland  |k Deutsche Kunstgeschichte nach Gattungen  |k Architektur  |k Ordnung nach Aufgaben  |k Grabbauten, Friedhöfe; Ehrenmale, Gedenkstätten  |k Neuzeit (-1800)  |0 (DE-627)1272261417  |0 (DE-625)rvk/98292:157  |0 (DE-576)202261417 
936 r v |a LK 81250  |b Grabplastik  |k Kunstgeschichte  |k Kunst nach Ländern bzw. Kontinenten  |k Deutschland  |k Deutsche Kunstgeschichte nach Gattungen  |k Skulptur (Plastik)  |k Skulptur nach Gegenständen  |k Grabplastik  |0 (DE-627)1271168626  |0 (DE-625)rvk/98388:  |0 (DE-576)201168626 
936 r v |a LK 79570  |b allgemein  |k Kunstgeschichte  |k Kunst nach Ländern bzw. Kontinenten  |k Deutschland  |k Deutsche Kunstgeschichte nach Gattungen  |k Architektur  |k Ordnung nach Aufgaben  |k Sakrale Architektur  |k Sakrale Architektur  |k allgemein  |0 (DE-627)1271167867  |0 (DE-625)rvk/98282:154  |0 (DE-576)201167867 
936 r v |a LK 79690  |b allgemein  |k Kunstgeschichte  |k Kunst nach Ländern bzw. Kontinenten  |k Deutschland  |k Deutsche Kunstgeschichte nach Gattungen  |k Architektur  |k Ordnung nach Aufgaben  |k Grabbauten, Friedhöfe; Ehrenmale, Gedenkstätten  |k allgemein  |0 (DE-627)127116793X  |0 (DE-625)rvk/98292:154  |0 (DE-576)20116793X 
936 r v |a NR 1850  |b Rechts-, Sozial- und Kulturgeschichte der Stadt  |k Geschichte  |k Landes- und Stadtgeschichte (Allgemeine, Deutsche und Österreichische Landes- und Stadtgeschichte, Ausländische Stadtgeschichte, Geschichte der Auslanddeutschen)  |k Allgemeines  |k Darstellungen  |k Rechts-, Sozial- und Kulturgeschichte der Stadt  |0 (DE-627)1270920987  |0 (DE-625)rvk/129181:  |0 (DE-576)200920987 
936 b k |a 21.59  |j Bildhauerei: Sonstiges  |0 (DE-627)106405810 
936 b k |a 15.40  |j Deutsche Geschichte: Allgemeines  |0 (DE-627)181569612 
936 s n |a l300  |2 mzub 
936 s n |a n100  |2 mzub 
936 s n |a b100  |2 mzub 
951 |a BO 
990 |a Deutschland 
990 |a Grabmal 
990 |a Bildprogramm 
990 |a Landesherr 
990 |a Protestant 
990 |a Geschichte 1520-1620 
990 |a Memoria 
990 |a Geschichte 1550-1650 
991 |a Rezensiertes Werk 
999 |a KXP-PPN588855936  |e 4251593006